[Event "GER-ch53 V05 email"]
[Site "GER email"]
[Date "2021.04.21"]
[Round "?"]
[White "Hild, Harald"]
[Black "Ott, Peter"]
[Result "1-0"]
[WhiteElo "2124"]
[BlackElo "1986"]
[PlyCount "67"]
[EventDate "2021.04.21"]
[EventType "tourn (corr)"]
[EventRounds "10"]
[EventCountry "GER"]
[SourceTitle "Corr 2024"]
[Source "ChessBase"]
[SourceDate "2023.10.19"]
[SourceVersion "1"]
[SourceVersionDate "2023.10.19"]
[SourceQuality "1"]

1. e4 e5 2. Nf3 Nc6 3. Bb5 a6 4. Ba4 Nf6 5. 0-0 Be7 6. Re1 b5 7. Bb3 d6 8. c3 0-0 9. h3 Nb8 10. d4 Nbd7 11. Bc2 Re8 12. a4 Bb7 13. Nbd2 g6 14. Nf1 Bf8 15. Ng3 Bg7 16. Bd2 d5 17. dxe5 Nxe4 18. Bxe4 dxe4 19. Bg5 Qc8 20. Nxe4 Nxe5 21. Nxe5 Bxe5 22. Nf6+ Bxf6 23. Bxf6 Qf5 24. Bh4 Re4 25. Bg3 Rxe1+ 26. Qxe1 Qd7 27. Rd1 Qc6 28. f3 Re8 29. Qd2 bxa4 30. Qf4 f6 31. Rd4 g5 32. Qd2 Re7 33. Qd1 h5 34. h4 1-0